000 00532nam a2200169 a 4500
001 000031739
005 20240318114638.0
008 110701s1988 dr a 000 | spa d
040 _aDO-SdBNP
_bspa
_cBNPHU
082 _axxx
_bA837m, 1988
110 2 _aAsociación Dominicana Pro Bienestar de la Familia
_956602
245 1 0 _aManual para el dependiente de farmacia :
_bmercadeo social de anticonceptivos.
250 _a2a ed.
260 _aSanto Domingo :
_bPROFAMILIA,
_c1988.
300 _a31 p. :
_bil. ;
_c21 cm.
049 _aBNPD
999 _c31231
_d31231